000 00817nam a2200277 a 4500
003 AR-BaBNM
005 20251128203554.0
008 082120s2002 ||||||||||||||000 | spa||
040 _cAR-BaBNM
100 1 _aGroussac, Paul
245 0 0 _aMendoza y Garay
_bPedro de Mendoza. 1
260 _aBuenos Aires
_bAcademia Argentina de Letras
_c1949
300 _a237 p.
490 0 _aClásicos argentinos
_vv. 9
650 4 _aPERIODO HISPANICO
650 4 _aCONQUISTA DEL RIO DE LA PLATA
650 4 _aCOLONIZACION DEL RIO DE LA PLATA
650 4 _aDESCUBRIMIENTO DEL RIO DE LA PLATA
650 4 _aMISIONES RELIGIOSAS
650 4 _aFUNDACION DE CIUDADES ARGENTINAS
650 4 _aHISTORIA POLITICA
650 4 _aHISTORIA SOCIAL
700 1 _aIbarguren, Carlos
_eprologuista
942 _cBK
998 _cmariana
999 _c3975
_d3975